[Event "Gibtelecom ChallWk1 6th"]
[Site "Gibraltar"]
[Date "2008.01.22"]
[Round "1.24"]
[White "Hickman, John E"]
[Black "Gravett, Alan D"]
[Result "1-0"]
[WhiteElo "2009"]
[BlackElo "1869"]
[PlyCount "73"]
[EventDate "2008.01.22"]
[EventType "swiss"]
[EventRounds "5"]
[EventCountry "GGB"]
[SourceTitle "BritBase"]
[Source "www.saund.co.uk"]
[SourceDate "2018.02.10"]
[SourceVersion "1"]
[SourceVersionDate "2018.02.10"]
[SourceQuality "1"]

1. e4 c5 2. Nf3 d6 3. d4 cxd4 4. Nxd4 Nf6 5. Nc3 a6 6. Be3 e5 7. Nb3 Be6 8. f3
h5 9. Qd2 Be7 10. O-O-O Nbd7 11. Kb1 b5 12. Be2 b4 13. Nd5 Bxd5 14. exd5 a5 15.
Bb5 O-O 16. h4 Rb8 17. Bc6 Nb6 18. Qe2 a4 19. Nc1 a3 20. b3 Qc7 21. Qd3 Nbxd5
22. Bxd5 Nxd5 23. Qxd5 Qc3 24. Nd3 Rfc8 25. Rc1 Bf6 26. Bg5 e4 27. Bxf6 Qxf6
28. fxe4 Rc3 29. e5 dxe5 30. Qxe5 Qb6 31. Rhf1 Rbc8 32. Qe7 Qg6 33. Ne5 Qg3 34.
Qxf7+ Kh7 35. Qxh5+ Kg8 36. Qf7+ Kh7 37. Nf3 1-0

[Event "Gibtelecom ChallWk1 6th"]
[Site "Gibraltar"]
[Date "2008.01.22"]
[Round "1.25"]
[White "Skage, Oystein Aagedal"]
[Black "Larsson, Daniel"]
[Result "1/2-1/2"]
[WhiteElo "1919"]
[BlackElo "2003"]
[PlyCount "119"]
[EventDate "2008.01.22"]
[EventType "swiss"]
[EventRounds "5"]
[EventCountry "GGB"]
[SourceTitle "BritBase"]
[Source "www.saund.co.uk"]
[SourceDate "2018.02.10"]
[SourceVersion "1"]
[SourceVersionDate "2018.02.10"]
[SourceQuality "1"]

1. e4 e6 2. d4 d5 3. Nc3 Bb4 4. e5 c5 5. a3 Ba5 6. Bd2 cxd4 7. Nb5 Bc7 8. Nf3
Nc6 9. Bf4 Nge7 10. Bd3 a6 11. Nbxd4 Nxd4 12. Nxd4 Nc6 13. Nxc6 bxc6 14. Qg4
Kf8 15. b4 h5 16. Qe2 h4 17. h3 f6 18. O-O g5 19. Bh2 f5 20. f4 Bb6+ 21. Kh1
Bb7 22. fxg5 Qxg5 23. Rf3 c5 24. Raf1 Rh5 25. Bg1 d4 26. Be4 Qe7 27. Bxb7 Qxb7
28. Qc4 Qe7 29. bxc5 Bxc5 30. Bxd4 Bxd4 31. Qxd4 Rd8 32. Qg4 Rh7 33. Qc4 a5 34.
Qa6 Rd5 35. Qa8+ Qd8 36. Qc6 Qd7 37. Qa8+ Qd8 38. Qxd8+ Rxd8 39. c4 Rd4 40. Rf4
Rd3 41. a4 Ra3 42. Rc1 Rxa4 43. Rd4 Ke7 44. Rd6 Rh8 45. Rb1 Rb4 46. Rxb4 axb4
47. Rb6 Rc8 48. Rxb4 Rc5 49. Rb5 Rxc4 50. Rb7+ Kf8 51. Rb6 Kf7 52. Rb7+ Ke8 53.
Kg1 Re4 54. Rh7 Kf8 55. Kf2 Kg8 56. Rh6 Rf4+ 57. Ke3 Re4+ 58. Kf2 Rf4+ 59. Ke3
Re4+ 60. Kf2 1/2-1/2

[Event "Gibtelecom ChallWk1 6th"]
[Site "Gibraltar"]
[Date "2008.01.22"]
[Round "1.26"]
[White "Lindsoe, Fredrik Aunan"]
[Black "Pendlebury, Ian G"]
[Result "1-0"]
[WhiteElo "2001"]
[BlackElo "1952"]
[PlyCount "83"]
[EventDate "2008.01.22"]
[EventType "swiss"]
[EventRounds "5"]
[EventCountry "GGB"]
[SourceTitle "BritBase"]
[Source "www.saund.co.uk"]
[SourceDate "2018.02.10"]
[SourceVersion "1"]
[SourceVersionDate "2018.02.10"]
[SourceQuality "1"]

1. e4 c6 2. d4 d5 3. f3 e6 4. Nc3 Nf6 5. Bg5 Be7 6. Qd3 O-O 7. Nge2 b6 8. O-O-O
Bb7 9. Qe3 Nbd7 10. e5 Ne8 11. Bxe7 Qxe7 12. g4 c5 13. f4 Ba6 14. Bg2 Nc7 15.
g5 Nb5 16. h4 Rac8 17. Nxb5 Bxb5 18. Nc3 Bc4 19. h5 cxd4 20. Rxd4 b5 21. b3
Qa3+ 22. Kd2 Nb6 23. bxc4 Nxc4+ 24. Rxc4 Rxc4 25. Nxd5 Qa5+ 26. Kc1 exd5 27.
Bxd5 Rc3 28. Qe4 Qb6 29. e6 fxe6 30. Bxe6+ Kh8 31. Re1 Qf2 32. Bb3 Rcc8 33. h6
Qxf4+ 34. Qxf4 Rxf4 35. Re7 gxh6 36. gxh6 Rf6 37. Rxa7 Rxh6 38. Rb7 Rh5 39. Be6
Rd8 40. Bd7 b4 41. Bg4 Rh4 42. Bf5 {1-0 after about 47 moves} 1-0

[Event "Gibtelecom ChallWk1 6th"]
[Site "Gibraltar"]
[Date "2008.01.22"]
[Round "1.27"]
[White "Reppen, Ellisiv"]
[Black "Dennis, Nigel W"]
[Result "0-1"]
[WhiteElo "1918"]
[BlackElo "1998"]
[PlyCount "122"]
[EventDate "2008.01.22"]
[EventType "swiss"]
[EventRounds "5"]
[EventCountry "GGB"]
[SourceTitle "BritBase"]
[Source "www.saund.co.uk"]
[SourceDate "2018.02.10"]
[SourceVersion "1"]
[SourceVersionDate "2018.02.10"]
[SourceQuality "1"]

1. e4 c5 2. Nf3 e6 3. d4 cxd4 4. Nxd4 Nf6 5. Nc3 d6 6. Be3 a6 7. Bd3 Qc7 8. O-O
Be7 9. f4 Nc6 10. Nxc6 bxc6 11. Qe2 O-O 12. Rae1 Bb7 13. Bf2 Rfe8 14. Bh4 Qb6+
15. Kh1 Qxb2 16. Rb1 Qxc3 17. Rxb7 Rab8 18. Rxb8 Rxb8 19. e5 Nd5 20. Bxe7 Nxe7
21. exd6 Nd5 22. Bxa6 Qa3 23. d7 Rd8 24. Bc8 Qxa2 25. f5 Nb6 26. fxe6 Qxe6 27.
Re1 Qxe2 28. Rxe2 Nxd7 29. Bxd7 Kf8 30. Kg1 Rxd7 31. Kf2 f6 32. Kf3 Kf7 33. h3
f5 34. Re5 Kf6 35. Rc5 Rd6 36. g4 fxg4+ 37. hxg4 Ke6 38. Ke4 Kd7 39. Ra5 Rg6
40. Kf5 Kd6 41. c4 Rf6+ 42. Ke4 Re6+ 43. Kf4 h6 44. Kf5 g6+ 45. Kf4 Re1 46. Ra8
Kc5 47. Rg8 Rf1+ 48. Ke5 g5 49. Rg6 Rf4 50. Rxh6 Rxg4 51. Kf5 Rxc4 52. Kxg5 Re4
53. Kf5 Re1 54. Rh4 Kd5 55. Rh8 Rf1+ 56. Kg4 c5 57. Kg3 Kd4 58. Kg2 Rf7 59.
Rd8+ Kc3 60. Rd1 c4 61. Rc1+ Kb3 0-1

[Event "Gibtelecom ChallWk1 6th"]
[Site "Gibraltar"]
[Date "2008.01.22"]
[Round "1.28"]
[White "Bryn, Askild"]
[Black "Campeanu, Alin-Vivian"]
[Result "1-0"]
[WhiteElo "1997"]
[BlackElo "1912"]
[PlyCount "45"]
[EventDate "2008.01.22"]
[EventType "swiss"]
[EventRounds "5"]
[EventCountry "GGB"]
[SourceTitle "BritBase"]
[Source "www.saund.co.uk"]
[SourceDate "2018.02.10"]
[SourceVersion "1"]
[SourceVersionDate "2018.02.10"]
[SourceQuality "1"]

1. e4 d5 2. Nc3 d4 3. Nce2 e5 4. d3 c5 5. f4 Nc6 6. Nf3 Bd6 7. g3 Nge7 8. f5 g6
9. g4 gxf5 10. exf5 h5 11. f6 Ng6 12. g5 h4 13. Nd2 b5 14. Bg2 Bb7 15. Ne4 Rc8
16. a4 a6 17. c3 Na5 18. axb5 axb5 19. O-O Bf8 20. Bh3 Rc6 21. cxd4 cxd4 22.
Bd2 b4 23. Qa4 1-0

[Event "Gibtelecom ChallWk1 6th"]
[Site "Gibraltar"]
[Date "2008.01.22"]
[Round "1.29"]
[White "Jorgensen, Line Jin"]
[Black "Georgieva, Emilia"]
[Result "0-1"]
[WhiteElo "1867"]
[BlackElo "1985"]
[PlyCount "74"]
[EventDate "2008.01.22"]
[EventType "swiss"]
[EventRounds "5"]
[EventCountry "GGB"]
[SourceTitle "BritBase"]
[Source "www.saund.co.uk"]
[SourceDate "2018.02.10"]
[SourceVersion "1"]
[SourceVersionDate "2018.02.10"]
[SourceQuality "1"]

1. e4 c5 2. Nf3 d6 3. d4 cxd4 4. Nxd4 Nf6 5. Nc3 a6 6. Bd3 e5 7. Nb3 Bg4 8. f3
Be6 9. Be3 Nbd7 10. O-O b5 11. Kh1 Be7 12. Qe1 Nc5 13. Nxc5 dxc5 14. Qg3 Qc7
15. Nxb5 axb5 16. Bxb5+ Kf8 17. Qf2 h6 18. a4 g5 19. Qd2 Kg7 20. g3 g4 21. Be2
Qc6 22. Qc3 Bd6 23. Bb5 Qc7 24. Bg1 Rhc8 25. Rae1 Qb7 26. Qd2 Be7 27. Be3 Rh8
28. Qc3 Qc7 29. Bf2 gxf3 30. Qxf3 Bg4 31. Qe3 Qb7 32. h4 Nxe4 33. Kh2 f5 34. c4
Qc7 35. Bg1 Rad8 36. Qc1 Rd2+ 37. Bf2 Rxf2+ 0-1

[Event "Gibtelecom ChallWk1 6th"]
[Site "Gibraltar"]
[Date "2008.01.22"]
[Round "1.30"]
[White "Pettersson, Anders"]
[Black "Munz, Jostein"]
[Result "1-0"]
[WhiteElo "1984"]
[BlackElo "1861"]
[PlyCount "53"]
[EventDate "2008.01.22"]
[EventType "swiss"]
[EventRounds "5"]
[EventCountry "GGB"]
[SourceTitle "BritBase"]
[Source "www.saund.co.uk"]
[SourceDate "2018.02.10"]
[SourceVersion "1"]
[SourceVersionDate "2018.02.10"]
[SourceQuality "1"]

1. d4 Nf6 2. c4 g6 3. Nc3 Bg7 4. Nf3 O-O 5. e3 d6 6. Be2 Nc6 7. O-O e5 8. b3
Re8 9. Bb2 Bf5 10. d5 Nb8 11. Nd2 Bh6 12. e4 Bxd2 13. Qxd2 Nxe4 14. Nxe4 Bxe4
15. Rae1 Bf5 16. f4 f6 17. fxe5 fxe5 18. Rf2 Na6 19. Ref1 Qh4 20. g3 Qh3 21.
Rxf5 gxf5 22. Qg5+ Kh8 23. Qf6+ Kg8 24. Rxf5 h6 25. Qg6+ Kh8 26. Rf7 Rg8 27.
Qh7# 1-0

[Event "Gibtelecom ChallWk1 6th"]
[Site "Gibraltar"]
[Date "2008.01.22"]
[Round "1.32"]
[White "Petrovic, Marko"]
[Black "Quinn, Joseph"]
[Result "0-1"]
[WhiteElo "1983"]
[BlackElo "1750"]
[PlyCount "58"]
[EventDate "2008.01.22"]
[EventType "swiss"]
[EventRounds "5"]
[EventCountry "GGB"]
[SourceTitle "BritBase"]
[Source "www.saund.co.uk"]
[SourceDate "2018.02.10"]
[SourceVersion "1"]
[SourceVersionDate "2018.02.10"]
[SourceQuality "1"]

1. c4 e5 2. Nc3 Nf6 3. d3 c6 4. Nf3 d5 5. Nxe5 d4 6. Bd2 dxc3 7. Bxc3 Nbd7 8.
Nf3 Nb6 9. h3 Be6 10. g4 h6 11. b4 Nbd7 12. e4 Qc7 13. Qc2 Qf4 14. Be2 Bxc4 15.
O-O Be6 16. e5 Nxg4 17. Bd2 Qf5 18. Nh4 Qh5 19. hxg4 Qxh4 20. Kg2 Bd5+ 21. f3
Qxg4+ 22. Kf2 Qh4+ 23. Kg2 Nxe5 24. Rh1 Qg4+ 25. Kf2 Bxf3 26. Bc3 Qg2+ 27. Ke3
Ng4+ 28. Kd4 Qf2+ 29. Kc4 Bd5# 0-1

[Event "Gibtelecom ChallWk1 6th"]
[Site "Gibraltar"]
[Date "2008.01.22"]
[Round "1.34"]
[White "Reichard, Sigge"]
[Black "Manetto, Luis"]
[Result "1-0"]
[WhiteElo "1967"]
[BlackElo "1592"]
[PlyCount "41"]
[EventDate "2008.01.22"]
[EventType "swiss"]
[EventRounds "5"]
[EventCountry "GGB"]
[SourceTitle "BritBase"]
[Source "www.saund.co.uk"]
[SourceDate "2018.02.10"]
[SourceVersion "1"]
[SourceVersionDate "2018.02.10"]
[SourceQuality "1"]

1. e4 c5 2. Nf3 d6 3. d4 cxd4 4. Nxd4 Nf6 5. Nc3 a6 6. Be3 e6 7. f3 Be7 8. Qd2
O-O 9. g4 Nc6 10. h4 Nd7 11. g5 Nde5 12. Be2 Qc7 13. f4 Nxd4 14. Qxd4 Nc6 15.
Qd2 b5 16. h5 Rd8 17. g6 fxg6 18. hxg6 Bf6 19. Rxh7 Qe7 20. Bxb5 axb5 21. Qh2
1-0

[Event "Gibtelecom ChallWk1 6th"]
[Site "Gibraltar"]
[Date "2008.01.23"]
[Round "2.1"]
[White "Bigg, Andrew J"]
[Black "Suez-Panama, Gilles"]
[Result "1-0"]
[WhiteElo "2231"]
[BlackElo "2099"]
[PlyCount "101"]
[EventDate "2008.01.22"]
[EventType "swiss"]
[EventRounds "5"]
[EventCountry "GGB"]
[SourceTitle "BritBase"]
[Source "www.saund.co.uk"]
[SourceDate "2018.02.10"]
[SourceVersion "1"]
[SourceVersionDate "2018.02.10"]
[SourceQuality "1"]

1. d4 Nf6 2. Bg5 c6 3. Bxf6 exf6 4. c4 d5 5. cxd5 Qxd5 6. Nc3 Bb4 7. e3 Be6 8.
Nge2 Nd7 9. a3 Bxc3+ 10. Nxc3 Qb3 11. Qxb3 Bxb3 12. Be2 O-O 13. Bf3 Rfd8 14.
O-O Nb6 15. Ne4 Na4 16. Rfc1 Bd5 17. Nc5 Nxc5 18. Rxc5 Bxf3 19. gxf3 Kf8 20. b4
a6 21. a4 Ke7 22. Rac1 Rd6 23. f4 Kd7 24. Kg2 g6 25. b5 axb5 26. axb5 Ra7 27.
f5 gxf5 28. Rxf5 Ke6 29. Rh5 cxb5 30. Rxb5 b6 31. Rcb1 Ra6 32. Kf3 Kd7 33. Rh5
Ra5 34. Rxh7 Rf5+ 35. Kg3 Rg5+ 36. Kf4 Ke6 37. h4 Rf5+ 38. Kg3 Ra5 39. Rh8 b5
40. Rb8 Rd5 41. Rb6+ Kf5 42. Kf3 Kg6 43. Rg1+ Kh5 44. Rxf6 b4 45. Rxf7 Rf5+ 46.
Rxf5+ Rxf5+ 47. Ke4 Rxf2 48. Rb1 Kxh4 49. Rxb4 Kg5 50. Rb8 Rd2 51. Rf8 1-0

[Event "Gibtelecom ChallWk1 6th"]
[Site "Gibraltar"]
[Date "2008.01.23"]
[Round "2.2"]
[White "Morris-Hill, Ray"]
[Black "Lyell, Mark"]
[Result "1/2-1/2"]
[WhiteElo "2129"]
[BlackElo "2221"]
[PlyCount "57"]
[EventDate "2008.01.22"]
[EventType "swiss"]
[EventRounds "5"]
[EventCountry "GGB"]
[SourceTitle "BritBase"]
[Source "www.saund.co.uk"]
[SourceDate "2018.02.10"]
[SourceVersion "1"]
[SourceVersionDate "2018.02.10"]
[SourceQuality "1"]

1. d4 d5 2. Nf3 Nc6 3. Bf4 Bg4 4. e3 e6 5. c4 Bb4+ 6. Nc3 Nge7 7. Rc1 O-O 8. h3
Bh5 9. a3 Bxc3+ 10. Rxc3 Re8 11. Be2 dxc4 12. Rxc4 Nd5 13. Bh2 Qf6 14. O-O Rad8
15. Ne5 Bxe2 16. Qxe2 Nce7 17. Ng4 Qg5 18. Bxc7 Rc8 19. Rfc1 f6 20. e4 Nxc7 21.
Rxc7 Qxc1+ 22. Rxc1 Rxc1+ 23. Kh2 Rc7 24. d5 Nc8 25. dxe6 Rxe6 26. Qd3 Nd6 27.
Qd5 Rce7 28. f3 Nf7 29. Ne3 1/2-1/2

[Event "Gibtelecom ChallWk1 6th"]
[Site "Gibraltar"]
[Date "2008.01.23"]
[Round "2.3"]
[White "Bates, Caspar J"]
[Black "Reppen, Sigmund"]
[Result "0-1"]
[WhiteElo "2190"]
[BlackElo "2061"]
[PlyCount "96"]
[EventDate "2008.01.22"]
[EventType "swiss"]
[EventRounds "5"]
[EventCountry "GGB"]
[SourceTitle "BritBase"]
[Source "www.saund.co.uk"]
[SourceDate "2018.02.10"]
[SourceVersion "1"]
[SourceVersionDate "2018.02.10"]
[SourceQuality "1"]

1. d4 d5 2. c4 e6 3. Nc3 Be7 4. e3 Nf6 5. Nf3 O-O 6. Bd3 dxc4 7. Bxc4 c5 8. a3
Nc6 9. O-O a6 10. dxc5 Bxc5 11. b4 Bd6 12. Bb2 b5 13. Ba2 Bb7 14. Qe2 Rc8 15.
Rfd1 Qc7 16. Rac1 Qb8 17. h3 Rfd8 18. Bb1 Ne7 19. e4 Bf4 20. Rxd8+ Rxd8 21. Re1
e5 22. Qc2 Ng6 23. a4 bxa4 24. Qxa4 Qc8 25. Qb3 Qa8 26. Ba2 Nxe4 27. Qxf7+ Kh8
28. Ne2 Rf8 29. Qb3 Ng5 30. Nxf4 Nxf3+ 31. gxf3 Nxf4 32. Bxe5 Nxh3+ 33. Kh2 Ng5
34. Bxg7+ Kxg7 35. Re7+ Kh6 36. Re6+ Kh5 37. f4 Rxf4 38. Qd1+ Nf3+ 39. Kh3 Rh4+
40. Kg2 Qg8+ 41. Kf1 Rh1+ 42. Ke2 Rxd1 43. Kxd1 Qg1+ 44. Kc2 Nd4+ 45. Kb2 Nxe6
46. Bxe6 Qxf2+ 47. Ka3 Qe3+ 48. Bb3 Bd5 0-1

[Event "Gibtelecom ChallWk1 6th"]
[Site "Gibraltar"]
[Date "2008.01.23"]
[Round "2.4"]
[White "Erdelyi, Tamas"]
[Black "Lovik, Lasse Ostebo"]
[Result "1/2-1/2"]
[WhiteElo "2186"]
[BlackElo "2052"]
[PlyCount "76"]
[EventDate "2008.01.22"]
[EventType "swiss"]
[EventRounds "5"]
[EventCountry "GGB"]
[SourceTitle "BritBase"]
[Source "www.saund.co.uk"]
[SourceDate "2018.02.10"]
[SourceVersion "1"]
[SourceVersionDate "2018.02.10"]
[SourceQuality "1"]

1. Nf3 d5 2. c4 c6 3. Qa4 e6 4. d4 Nf6 5. Bg5 Nbd7 6. cxd5 exd5 7. e3 Qb6 8.
Qc2 Ne4 9. Bd3 f5 10. h4 Bd6 11. g3 Ndf6 12. Bxf6 Nxf6 13. Nc3 Ne4 14. Ne2 Qa5+
15. Kf1 Qd8 16. Nf4 g6 17. Kg2 Qf6 18. a3 a5 19. b4 O-O 20. b5 Bd7 21. a4 Be8
22. Rab1 h6 23. bxc6 bxc6 24. Rb7 Rb8 25. Rxb8 Bxb8 26. Qb3 Bc7 27. Qb7 Rf7 28.
Qc8 Re7 29. h5 Bxf4 30. exf4 g5 31. fxg5 hxg5 32. h6 Kh7 33. Ne5 c5 34. Bxe4
fxe4 35. Qxc5 Rxe5 36. dxe5 Qf3+ 37. Kg1 Qd1+ 38. Kh2 Qh5+ 1/2-1/2

[Event "Gibtelecom ChallWk1 6th"]
[Site "Gibraltar"]
[Date "2008.01.23"]
[Round "2.5"]
[White "Horton-Kitchlew, Andrew"]
[Black "Vea, Odin Blikra"]
[Result "1-0"]
[WhiteElo "2091"]
[BlackElo "2168"]
[PlyCount "97"]
[EventDate "2008.01.22"]
[EventType "swiss"]
[EventRounds "5"]
[EventCountry "GGB"]
[SourceTitle "BritBase"]
[Source "www.saund.co.uk"]
[SourceDate "2018.02.10"]
[SourceVersion "1"]
[SourceVersionDate "2018.02.10"]
[SourceQuality "1"]

1. e4 c5 2. Nf3 Nc6 3. Bc4 e6 4. O-O Na5 5. Bd3 c4 6. Be2 b5 7. d4 Nf6 8. Nbd2
Bb7 9. e5 Nd5 10. Ne4 h6 11. a3 Qb6 12. Bd2 Nc6 13. c3 Na5 14. Qc2 Nb3 15. Rad1
Qc6 16. Rfe1 Be7 17. Bf1 O-O-O 18. Bc1 f5 19. Ned2 Nxc1 20. Rxc1 g5 21. a4 a6
22. axb5 axb5 23. b3 g4 24. bxc4 bxc4 25. Nh4 Bxh4 26. Nxc4 Kc7 27. Na5 Qb6 28.
Nc4 Qa7 29. Ra1 Qb8 30. Reb1 Be7 31. Na5 Nb6 32. Nxb7 Qxb7 33. Ra6 Rb8 34.
Raxb6 Qxb6 35. Rxb6 Rxb6 36. d5 Bc5 37. d6+ Kb8 38. Qa4 Rd8 39. Bb5 Kb7 40. Kf1
Ra8 41. Qc4 Rc8 42. Bxd7 Rb1+ 43. Ke2 Re1+ 44. Kd3 Rd1+ 45. Kc2 Rc1+ 46. Kb3
Rd8 47. Qxc5 Rxd7 48. Qb5+ Kc8 49. Qc6+ 1-0

[Event "Gibtelecom ChallWk1 6th"]
[Site "Gibraltar"]
[Date "2008.01.23"]
[Round "2.6"]
[White "Hagen, Anders Gjerdrum"]
[Black "Schmidt, Raul"]
[Result "1-0"]
[WhiteElo "2049"]
[BlackElo "2160"]
[PlyCount "149"]
[EventDate "2008.01.22"]
[EventType "swiss"]
[EventRounds "5"]
[EventCountry "GGB"]
[SourceTitle "BritBase"]
[Source "www.saund.co.uk"]
[SourceDate "2018.02.10"]
[SourceVersion "1"]
[SourceVersionDate "2018.02.10"]
[SourceQuality "1"]

1. e4 d5 2. exd5 Qxd5 3. Nc3 Qd6 4. d4 Nf6 5. Be3 c6 6. Qd2 Bf5 7. O-O-O e6 8.
Nf3 Nbd7 9. Nh4 Bg6 10. Nxg6 hxg6 11. Bf4 Qb4 12. a3 Qa5 13. Kb1 Be7 14. Be2
Rc8 15. Bf3 Nb6 16. Qd3 Qf5 17. Be5 Qxd3 18. Rxd3 Nc4 19. Rhd1 Nd7 20. Bg3 g5
21. h3 b5 22. Re1 Rh6 23. a4 b4 24. Ne4 f5 25. Nd2 Nxd2+ 26. Rxd2 Nb6 27. b3 f4
28. Bh2 Kd7 29. Rde2 Re8 30. Re5 Bf6 31. Ra5 Kd6 32. Rxa7 Bxd4 33. Rd1 c5 34.
Rxg7 Nd5 35. Rxg5 Nc3+ 36. Kc1 Nxd1 37. Kxd1 e5 38. a5 Re7 39. a6 Bxf2 40. Bb7
c4 41. bxc4 Be3 42. Rg8 Kc7 43. c5 Rd7+ 44. Ke2 Rd2+ 45. Ke1 Rxa6 46. Bxa6 Rxc2
47. Rc8+ Kd7 48. c6+ Ke7 49. c7 b3 50. Rh8 b2 51. Rb8 Rxc7 52. Rxb2 Rc1+ 53.
Ke2 Rh1 54. Bg3 Rg1 55. Bh4+ Kd6 56. Kf3 Bd4 57. Re2 Rf1+ 58. Ke4 Ra1 59. Bd3
Ra4 60. Kf5 Ra3 61. Be4 Ra7 62. Bf3 Rf7+ 63. Ke4 Ra7 64. Rc2 Bc5 65. Kf5 Bd4
66. Rc6+ Kd7 67. Rh6 Ra1 68. Bf6 Re1 69. Be4 Re2 70. Bxe5 Bxe5 71. Kxe5 f3 72.
Rh7+ Ke8 73. gxf3 Kf8 74. Kf6 Kg8 75. Rb7 1-0

[Event "Gibtelecom ChallWk1 6th"]
[Site "Gibraltar"]
[Date "2008.01.23"]
[Round "2.7"]
[White "Kozlov, Oleg"]
[Black "Foisor, Veronica"]
[Result "1/2-1/2"]
[WhiteElo "2144"]
[BlackElo "2043"]
[PlyCount "104"]
[EventDate "2008.01.22"]
[EventType "swiss"]
[EventRounds "5"]
[EventCountry "GGB"]
[SourceTitle "BritBase"]
[Source "www.saund.co.uk"]
[SourceDate "2018.02.10"]
[SourceVersion "1"]
[SourceVersionDate "2018.02.10"]
[SourceQuality "1"]

1. c4 c5 2. Nc3 g6 3. g3 Bg7 4. Bg2 e6 5. a3 Ne7 6. b4 Nbc6 7. bxc5 Bxc3 8.
dxc3 Qa5 9. Qd3 Qxc5 10. Be3 Qa5 11. Nf3 O-O 12. O-O Nf5 13. Bd2 Qc7 14. e4
Nfe7 15. c5 Qa5 16. Rfb1 b6 17. c4 Qa6 18. Bh6 bxc5 19. Bxf8 Kxf8 20. Qe3 Qxc4
21. Bf1 Qa4 22. Bb5 Qa5 23. Qh6+ Ke8 24. Qxh7 Qc3 25. Ng5 Qf6 26. f4 a6 27. e5
Nxe5 28. fxe5 Qxg5 29. Qh8+ Ng8 30. Qxg8+ Ke7 31. Rf1 Qe3+ 32. Rf2 axb5 33.
Qxf7+ Kd8 34. Qf8+ Kc7 35. Qd6+ Kb7 36. Rb1 Ra5 37. a4 b4 38. Rbb2 Rxa4 39. Kg2
Qe4+ 40. Kh3 Qd5 41. Rfd2 Qxd6 42. Rxd6 Kc7 43. Kg4 Bb7 44. Rd1 Bd5 45. Kg5 c4
46. Rc1 c3 47. Rxb4 Rxb4 48. Rxc3+ Kd8 49. Kxg6 Ke7 50. Re3 Be4+ 51. Kh6 Bf5
52. Kg5 Rg4+ 1/2-1/2

[Event "Gibtelecom ChallWk1 6th"]
[Site "Gibraltar"]
[Date "2008.01.23"]
[Round "2.8"]
[White "Getz, Nicolai"]
[Black "Kvisla, Johannes Luangtep"]
[Result "0-1"]
[WhiteElo "2019"]
[BlackElo "2130"]
[PlyCount "70"]
[EventDate "2008.01.22"]
[EventType "swiss"]
[EventRounds "5"]
[EventCountry "GGB"]
[SourceTitle "BritBase"]
[Source "www.saund.co.uk"]
[SourceDate "2018.02.10"]
[SourceVersion "1"]
[SourceVersionDate "2018.02.10"]
[SourceQuality "1"]

1. e4 e5 2. Nf3 Nc6 3. Bc4 Nf6 4. d3 Be7 5. O-O O-O 6. Re1 d6 7. c3 Na5 8. Bb5
a6 9. Ba4 b5 10. Bc2 c5 11. Nbd2 Nd7 12. Nf1 Bf6 13. h3 Nb6 14. N3h2 g6 15. f4
Bg7 16. Qf3 f5 17. exf5 Bxf5 18. b4 cxb4 19. cxb4 Nac4 20. Rb1 exf4 21. Bxf4
Ne5 22. Qg3 Rc8 23. Bb3+ Kh8 24. Bg5 Bf6 25. Bxf6+ Qxf6 26. Ng4 Nxg4 27. hxg4
Qd4+ 28. Ne3 Bxd3 29. Rbd1 Nc4 30. Kh2 Ne5 31. Bc2 Rc3 32. Bxd3 Rxd3 33. Nc2
Nxg4+ 34. Qxg4 Qxg4 35. Rxd3 Qc4 0-1

[Event "Gibtelecom ChallWk1 6th"]
[Site "Gibraltar"]
[Date "2008.01.23"]
[Round "2.9"]
[White "Thollin, Robert"]
[Black "Urbina Perez, Juan Antonio"]
[Result "0-1"]
[WhiteElo "2011"]
[BlackElo "2241"]
[PlyCount "84"]
[EventDate "2008.01.22"]
[EventType "swiss"]
[EventRounds "5"]
[EventCountry "GGB"]
[SourceTitle "BritBase"]
[Source "www.saund.co.uk"]
[SourceDate "2018.02.10"]
[SourceVersion "1"]
[SourceVersionDate "2018.02.10"]
[SourceQuality "1"]

1. e4 c5 2. Nf3 d6 3. d4 cxd4 4. Nxd4 Nf6 5. Nc3 a6 6. Bg5 e6 7. f4 Be7 8. Qf3
Qc7 9. O-O-O h6 10. Bxf6 Bxf6 11. g4 Nc6 12. Nb3 g5 13. f5 Ne5 14. Qg3 Bd7 15.
fxe6 fxe6 16. Be2 O-O-O 17. Rhf1 Bg7 18. Qe3 Ng6 19. Nd2 Bxc3 20. bxc3 Nf4 21.
Bc4 Kb8 22. Bb3 d5 23. Kb1 Bb5 24. Rh1 Rc8 25. Kb2 Bd3 26. c4 Bxc4 27. Bxc4
dxc4 28. c3 Qa5 29. Nb1 Rhd8 30. Rxd8 Rxd8 31. h4 Nd3+ 32. Ka1 Rf8 33. Qd4 Qb5
34. Qd6+ Ka7 35. Qd4+ Ka8 36. Rh2 gxh4 37. Qg1 e5 38. Qd1 Rf4 39. Qe2 h3 40.
Qc2 Rf1 41. Rxh3 Rc1 42. a4 Qa5 0-1

[Event "Gibtelecom ChallWk1 6th"]
[Site "Gibraltar"]
[Date "2008.01.23"]
[Round "2.10"]
[White "Rosberg, Simon"]
[Black "Lindsoe, Fredrik Aunan"]
[Result "1/2-1/2"]
[WhiteElo "2246"]
[BlackElo "2001"]
[PlyCount "50"]
[EventDate "2008.01.22"]
[EventType "swiss"]
[EventRounds "5"]
[EventCountry "GGB"]
[SourceTitle "BritBase"]
[Source "www.saund.co.uk"]
[SourceDate "2018.02.10"]
[SourceVersion "1"]
[SourceVersionDate "2018.02.10"]
[SourceQuality "1"]

1. d4 Nf6 2. Nf3 e6 3. c4 d5 4. g3 dxc4 5. Qa4+ Bd7 6. Qxc4 Bc6 7. Bg2 a6 8.
O-O b5 9. Qd3 Be7 10. Bd2 O-O 11. Ba5 Ra7 12. Nbd2 Ba8 13. Nb3 Nc6 14. Bd2 Nd5
15. e4 Nb6 16. Qe2 Nc4 17. Bf4 a5 18. a4 bxa4 19. Rxa4 Nb6 20. Ra2 a4 21. Rfa1
Nb4 22. Ra3 Nc6 23. R3a2 Nb4 24. Ra3 Nc6 25. R3a2 Nb4 1/2-1/2

[Event "Gibtelecom ChallWk1 6th"]
[Site "Gibraltar"]
[Date "2008.01.23"]
[Round "2.11"]
[White "Dennis, Nigel W"]
[Black "Smith, Andrew Philip"]
[Result "1-0"]
[WhiteElo "1957"]
[BlackElo "2208"]
[PlyCount "81"]
[EventDate "2008.01.22"]
[EventType "swiss"]
[EventRounds "5"]
[EventCountry "GGB"]
[SourceTitle "BritBase"]
[Source "www.saund.co.uk"]
[SourceDate "2018.02.10"]
[SourceVersion "1"]
[SourceVersionDate "2018.02.10"]
[SourceQuality "1"]

1. e4 e5 2. Nf3 d6 3. d4 Nd7 4. c4 c6 5. d5 cxd5 6. cxd5 a6 7. Nc3 b5 8. a3
Ngf6 9. Bd3 Be7 10. O-O O-O 11. h3 Bb7 12. Be3 Qb8 13. Rc1 Bd8 14. Qd2 Bb6 15.
Bxb6 Nxb6 16. Qe3 Nbd7 17. Nd2 Nc5 18. Be2 Ncd7 19. Nb3 Qd8 20. Bd3 Nh5 21. Ne2
g6 22. Rc2 f5 23. Rfc1 f4 24. Qf3 Nhf6 25. Rc7 Nc5 26. Nxc5 Qxc7 27. Ne6 Qb6
28. Nxf8 Rxf8 29. g3 fxg3 30. Qxg3 Nh5 31. Qe3 Qd8 32. Ng3 Nf4 33. Bf1 Bc8 34.
Kh2 Qh4 35. Nh1 Nxh3 36. Bxh3 Bxh3 37. Qg3 Qxe4 38. Rc7 Bf1 39. Kg1 Bc4 40. Qh3
Bxd5 41. Qxh7# 1-0